Normal view
MARC view
Entry Topical Term
001 - CONTROL NUMBER
- control field: 54502
003 - CONTROL NUMBER IDENTIFIER
- control field: dpl
005 - DATE AND TIME OF LATEST TRANSACTION
- control field: 20121220144650.0
008 - FIXED-LENGTH DATA ELEMENTS
- fixed length control field: 121220|||a|||||| | ||| d
040 ## - CATALOGING SOURCE
- Original cataloging agency: dpl
- Transcribing agency: dpl
150 ## - HEADING--TOPICAL TERM
- Topical term or geographic name as entry element: Ethnoscience |z India, Northeastern |v Congresses.
670 ## - SOURCE DATA FOUND
- Source citation: Work cat.: (dpl): 54466, Indigenous knowledge traditions : , 2012
670 ## - SOURCE DATA FOUND
- Source citation: Work cat.: (dpl): 54466, Indigenous knowledge traditions : , 2012
